| 000 | 00000nas 2200000zi 4500 |
| 001 | 9.945632 |
| 003 | CaOODSP |
| 005 | 20250116170952 |
| 006 | m o d f |
| 007 | cr ||||||||||| |
| 008 | 241127d19221930oncar p o f0###a0eng|d |
| 040 | |aCaOODSP|beng|erda|cCaOODSP |
| 043 | |an-cn-qu |
| 086 | 1 |aA51-95E-PDF |
| 110 | 2 |aExperimental Station (Sainte-Anne-de-la-Pocatière, Québec)|eauthor, |eissuing body. |
| 245 | 10|aExperimental Station, Ste. Anne de la Pocatière, Quebec : |breport of the superintendent ... for the year ... |
| 246 | 1 |iPreceded by: |aExperimental Station, Ste. Anne de la Pocatière, Quebec : |binterim report of the superintendent ... for the year ending March 31, 1921 |
| 264 | 1|aOttawa : |bMinister of Agriculture, |c1922-1931 |
| 310 | |aAnnual |
| 336 | |atext|btxt|2rdacontent |
| 337 | |acomputer|bc|2rdamedia |
| 338 | |aonline resource|bcr|2rdacarrier |
| 362 | 1 |aBegan with: 1922; ceased with 1930. |
| 500 | |aIssued also in French under title: Station expérimentale de Ste-Anne de la Pocatière, Québec : rapport du régisseur ... |
| 500 | |aDigitized edition from print [provided by Agriculture and Agri-Food Canada]. |
| 588 | |aDescription based on: 1922; title from PDF title page. |
| 588 | |aLatest issue consulted: 1930. |
| 610 | 25|aExperimental Station (Sainte-Anne-de-la-Pocatière, Québec)|vPeriodicals. |
| 650 | 0|aAgricultural experiment stations|zQuébec (Province)|zLa Pocatière|vPeriodicals. |
| 655 | 7|aPeriodicals|2lcgft |
| 710 | 2 |aDominion Experimental Farms and Stations (Canada), |eissuing body. |
| 775 | 08|tStation expérimentale de Ste-Anne de la Pocatière, Québec : |w(CaOODSP)9.945636 |